[Event "Puspokladany Arnoth Memorial 11th"]
[Site "Puspokladany"]
[Date "2018.07.29"]
[Round "8"]
[White "Sandor, Imre1111"]
[Black "Vamosi, Peter Istvan"]
[Result "1-0"]
[WhiteElo "1840"]
[BlackElo "1613"]
[PlyCount "67"]
[EventDate "2018.07.25"]
[EventType "swiss"]
[EventRounds "9"]
[EventCountry "HUN"]
[SourceTitle "CBM 186 Extra"]
[Source "ChessBase"]
[SourceDate "2018.08.24"]
[SourceVersion "1"]
[SourceVersionDate "2018.08.24"]
[SourceQuality "1"]

1. d4 Nf6 2. Nf3 e6 3. g3 c5 4. Bg2 d5 5. dxc5 Bxc5 6. 0-0 Nc6 7. a3 e5 8. b4 Bd6 9. Bb2 e4 10. Nd4 0-0 11. Nd2 Re8 12. e3 a6 13. c4 Nxd4 14. Bxd4 Bf5 15. cxd5 Nxd5 16. Nb3 Be5 17. Rc1 b6 18. Qc2 Rc8 19. Qb2 f6 20. Rxc8 Qxc8 21. Rc1 Qd7 22. Qc2 Qd6 23. Qb1 Bxd4 24. Nxd4 Bg6 25. Qc2 f5 26. Qa4 Ra8 27. Qc6 Qxc6 28. Rxc6 Be8 29. Rd6 Nc3 30. Bf1 a5 31. Nxf5 axb4 32. axb4 Ra1 33. Kg2 Ra2 34. Bc4+ 1-0

[Event "Puspokladany Arnoth Memorial 11th"]
[Site "Puspokladany"]
[Date "2018.07.27"]
[Round "4"]
[White "Vamosi, Peter Istvan"]
[Black "Nadhazi, Imre"]
[Result "0-1"]
[WhiteElo "1613"]
[BlackElo "1884"]
[PlyCount "56"]
[EventDate "2018.07.25"]
[EventType "swiss"]
[EventRounds "9"]
[EventCountry "HUN"]
[SourceTitle "CBM 186 Extra"]
[Source "ChessBase"]
[SourceDate "2018.08.24"]
[SourceVersion "1"]
[SourceVersionDate "2018.08.24"]
[SourceQuality "1"]

1. d4 d5 2. Bf4 Nf6 3. Nd2 e6 4. Ngf3 c5 5. e3 Be7 6. dxc5 Bxc5 7. Nb3 Bd6 8. Bxd6 Qxd6 9. Bd3 0-0 10. 0-0 e5 11. Be2 Nc6 12. c4 Be6 13. a3 Rfd8 14. c5 Qe7 15. Rc1 Rd7 16. Qc2 Rad8 17. Rfe1 Ne4 18. Bb5 Bf5 19. Nfd2 Qg5 20. Nf3 Qf6 21. Bd3 Bg6 22. Nbd2 Nxd2 23. Nxd2 e4 24. Be2 d4 25. Nxe4 Bxe4 26. Qxe4 d3 27. Bg4 Re7 28. Qf4 Qxf4 0-1

[Event "Puspokladany Arnoth Memorial 11th"]
[Site "Puspokladany"]
[Date "2018.07.26"]
[Round "3"]
[White "Varga, Marcell1111"]
[Black "Vamosi, Peter Istvan"]
[Result "1-0"]
[WhiteElo "1999"]
[BlackElo "1613"]
[PlyCount "71"]
[EventDate "2018.07.25"]
[EventType "swiss"]
[EventRounds "9"]
[EventCountry "HUN"]
[SourceTitle "CBM 186 Extra"]
[Source "ChessBase"]
[SourceDate "2018.08.24"]
[SourceVersion "1"]
[SourceVersionDate "2018.08.24"]
[SourceQuality "1"]

1. b3 e5 2. Bb2 Nc6 3. e3 d5 4. Nf3 Bd6 5. Bb5 Qe7 6. d4 Bg4 7. h3 Bxf3 8. Qxf3 e4 9. Qe2 Nf6 10. 0-0 0-0 11. c4 Nb4 12. c5 c6 13. cxd6 Qxd6 14. a3 cxb5 15. axb4 Qxb4 16. Nd2 Rfc8 17. Rfc1 Rxc1+ 18. Rxc1 a6 19. Qd1 h6 20. Nb1 Qd6 21. Qc2 Ne8 22. Qc5 b4 23. Qxd6 Nxd6 24. Rc5 Kf8 25. Rxd5 Ke7 26. Rc5 a5 27. Nd2 Kd7 28. Nc4 Nxc4 29. Rxc4 b5 30. Rc5 a4 31. Rxb5 a3 32. Ba1 Rc8 33. Rc5 Rxc5 34. dxc5 Kc6 35. Bxg7 h5 36. Kh2 1-0